000 00878nam a2200301Ia 4500
003 OSt
005 20250225103106.0
008 210210b2006 xxu||||| |||| 00| 0 eng d
020 _a8173028699
040 _cAL
041 _aKannada
082 _aK894.9 PRAE
100 _aPRADHAN GURUDATTA Ed
_dಗುರುದತ್ತ ಪ್ರಧಾನ್.
_9202497
245 _aS V Ranganna
_bಎಸ್ ವಿ ರಂಗಣ್ಣ
260 _aBengaluru
_bNavakaranataka Prakashana
_c2006
300 _a104
650 _aVi
_9202498
650 _aSi
_9202499
650 _aRanganna
_9202500
650 _aPi
_9202501
650 _aKrashnakumar
_9202502
650 _aEs
_9202503
650 _aby
_9202504
690 _aKannada Criticism
_9202505
700 _aC P Krashnakumar
_d ಸಿ ಪಿ ಕೃಷ್ಣಕುಮಾರ್
_9202506
906 _a061846
942 _2ddc
_cBK
999 _c115883
_d115883